Statistics for La Liga Champions

Click here to take the quiz!

General Stats

  • This quiz has been taken 146 times
  • The average score is 7 of 9

Answer Stats

TitlesLastTeam% Correct
322012Real Madrid
100%
242016Barcelona
99%
102014Atlético Madrid
93%
62004Valencia
89%
11946Sevilla
81%
81984Athletic Bilbao
70%
11935Real Betis
57%
12000Deportivo La Coruña
55%
21982Real Sociedad
50%

Score Distribution

Percentile by Number Answered

Percent of People with Each Score

Your Score History

You have not taken this quiz